<?xml version="1.0" encoding="UTF-8"?>
<marc:record xmlns:marc="http://www.loc.gov/MARC21/slim">
   <marc:leader>00000nam a2200000 a 4500</marc:leader>
   <marc:datafield ind1="1" ind2=" " tag="100">
      <marc:subfield code="a">Charman, Katrina</marc:subfield>
      <marc:subfield code="4">aut</marc:subfield>
      <marc:subfield code="e">Verfasser/-in</marc:subfield>
   </marc:datafield>
   <marc:datafield ind1="1" ind2=" " tag="100">
      <marc:subfield code="a">Tondora, Judit</marc:subfield>
   </marc:datafield>
   <marc:datafield ind1="1" ind2=" " tag="100">
      <marc:subfield code="a">Mende, Klaus</marc:subfield>
      <marc:subfield code="4">trl</marc:subfield>
      <marc:subfield code="e">Übersetzer/-in</marc:subfield>
   </marc:datafield>
   <marc:datafield ind1="1" ind2=" " tag="100">
      <marc:subfield code="a">Tandetzke, Sabine</marc:subfield>
      <marc:subfield code="4">trl</marc:subfield>
      <marc:subfield code="e">Übersetzer/-in</marc:subfield>
   </marc:datafield>
   <marc:datafield ind1=" " ind2=" " tag="653">
      <marc:subfield code="a">Kinderbuch</marc:subfield>
   </marc:datafield>
   <marc:datafield ind1=" " ind2=" " tag="653">
      <marc:subfield code="a">Erstlesealter, Vorschulalter</marc:subfield>
   </marc:datafield>
   <marc:datafield ind1=" " ind2=" " tag="653">
      <marc:subfield code="a">Bücher für Erstleser</marc:subfield>
   </marc:datafield>
   <marc:datafield ind1=" " ind2=" " tag="653">
      <marc:subfield code="a">Spannende Kinderbücher ab 7 Jahren</marc:subfield>
   </marc:datafield>
   <marc:datafield ind1=" " ind2=" " tag="653">
      <marc:subfield code="a">High Fantasy für Kinder</marc:subfield>
   </marc:datafield>
   <marc:datafield ind1=" " ind2=" " tag="653">
      <marc:subfield code="a">Kinderbücher über Magie</marc:subfield>
   </marc:datafield>
   <marc:datafield ind1=" " ind2=" " tag="653">
      <marc:subfield code="a">Kinderbücher über Tiere</marc:subfield>
   </marc:datafield>
   <marc:datafield ind1=" " ind2=" " tag="653">
      <marc:subfield code="a">Fantasybücher ab 7 Jahren</marc:subfield>
   </marc:datafield>
   <marc:datafield ind1=" " ind2=" " tag="653">
      <marc:subfield code="a">Kinderbücher über Greifvögel</marc:subfield>
   </marc:datafield>
   <marc:datafield ind1=" " ind2=" " tag="653">
      <marc:subfield code="a">Antolin Kinderbücher ab 7 Jahren</marc:subfield>
   </marc:datafield>
   <marc:datafield ind1=" " ind2=" " tag="653">
      <marc:subfield code="a">Abenteuergeschichten für Kinder ab 7 Jahren</marc:subfield>
   </marc:datafield>
   <marc:datafield ind1=" " ind2=" " tag="653">
      <marc:subfield code="a">Bücher zum Lesenlernen</marc:subfield>
   </marc:datafield>
   <marc:datafield ind1=" " ind2=" " tag="653">
      <marc:subfield code="a">Erstes Selberlesen ab 7 Jahren</marc:subfield>
   </marc:datafield>
   <marc:datafield ind1=" " ind2=" " tag="653">
      <marc:subfield code="a">Klasse Lesen lernen Kinderbücher</marc:subfield>
   </marc:datafield>
   <marc:datafield ind1=" " ind2=" " tag="653">
      <marc:subfield code="a">Abenteuergeschichten zum ersten Selberlesen</marc:subfield>
   </marc:datafield>
   <marc:datafield ind1="0" ind2="0" tag="245">
      <marc:subfield code="a">Der letzte Feuerfalke und das geheime Labyrinth Nr. 10</marc:subfield>
   </marc:datafield>
   <marc:datafield ind1="0" ind2="0" tag="245">
      <marc:subfield code="c">Katrina Charman ; illustriert von Judit Tondora ; aus dem Amerikanischen übersetzt von Klaus Mende und Sabine Tandetzke</marc:subfield>
   </marc:datafield>
   <marc:datafield ind1=" " ind2="1" tag="264">
      <marc:subfield code="a">Bindlach</marc:subfield>
      <marc:subfield code="b">Loewe</marc:subfield>
      <marc:subfield code="c">2025</marc:subfield>
   </marc:datafield>
   <marc:datafield ind1=" " ind2=" " tag="250">
      <marc:subfield code="a">1. Auflage</marc:subfield>
   </marc:datafield>
   <marc:datafield ind1="1" ind2=" " tag="520">
      <marc:subfield code="a">Loewe-Bücher: garantiert ohne KI &lt;br/&gt;&lt;br/&gt; &lt;br/&gt;&lt;br/&gt; &lt;br/&gt;&lt;br/&gt; &lt;br/&gt;&lt;br/&gt; Nur die hellste Magie kann den Schatten besiegen &lt;br/&gt;&lt;br/&gt; &lt;br/&gt;&lt;br/&gt;Endlich! Der böse Geier Burung ist besiegt und das Zuhause von Ruby und ihren Freunden gerettet. Aber ist sie wirklich der letzte Feuerfalke? Zusammen mit Talon und Agila macht sie sich auf die Suche nach ihrer Familie  der Beginn des nächsten großen Abenteuers! &lt;br/&gt;&lt;br/&gt; &lt;br/&gt;&lt;br/&gt; &lt;br/&gt;&lt;br/&gt; &lt;br/&gt;&lt;br/&gt; Erforsche mit Ruby und ihren Freunden das Land der Feuerfalken! &lt;br/&gt;&lt;br/&gt; &lt;br/&gt;&lt;br/&gt;Ruby ist wieder mit ihrer Familie vereint! Jetzt ist für die Eule Talon und das Eichhörnchen Agila die Zeit gekommen, nach Perodia zurückzukehren. Dafür benötigen sie die drei goldenen Federn  doch die sind bei der Reise ins Land der Feuerfalken verloren gegangen. Werden die Freunde trotzdem einen Weg zurück nach Hause finden? &lt;br/&gt;&lt;br/&gt; &lt;br/&gt; &lt;br/&gt;&lt;br/&gt;  &lt;br/&gt;&lt;br/&gt; Die erfolgreiche Fantasyreihe geht weiter &lt;br/&gt;&lt;br/&gt; Actionreiche Tierfantasy &lt;br/&gt;&lt;br/&gt; Spannendes Abenteuer für Jungs und Mädchen ab 7 Jahren &lt;br/&gt;&lt;br/&gt; Geeignet zum Vorlesen und ersten Selberlesen &lt;br/&gt;&lt;br/&gt; Mit tollen Illustrationen auf jeder Seite &lt;br/&gt;&lt;br/&gt; Gut gegen Böse &lt;br/&gt;&lt;br/&gt; Kurze Kapitel und große Schrift  perfekt für Erstleser*innen &lt;br/&gt;&lt;br/&gt; Beliebte Tiere: Eulen &lt;br/&gt;&lt;br/&gt; Hochwertiges Hardcover &lt;br/&gt;&lt;br/&gt; Quizfragen auf Antolin</marc:subfield>
   </marc:datafield>
   <marc:datafield ind1=" " ind2=" " tag="020">
      <marc:subfield code="a">9783743217584</marc:subfield>
      <marc:subfield code="9">9783743217584</marc:subfield>
   </marc:datafield>
   <marc:datafield ind1=" " ind2=" " tag="041">
      <marc:subfield code="a">ger</marc:subfield>
   </marc:datafield>
   <marc:datafield ind1=" " ind2=" " tag="300">
      <marc:subfield code="b">Illustrationen</marc:subfield>
   </marc:datafield>
   <marc:datafield ind1="0" ind2=" " tag="490">
      <marc:subfield code="v">10</marc:subfield>
   </marc:datafield>
   <marc:datafield ind1="1" ind2=" " tag="521">
      <marc:subfield code="a">0</marc:subfield>
   </marc:datafield>
   <marc:datafield ind1=" " ind2=" " tag="300">
      <marc:subfield code="a">105 Seiten</marc:subfield>
   </marc:datafield>
</marc:record>
